Catastrofe o nueva sociedad? modelo mundial latinoamericano 30 anos despues /

Bibliographic Details
Corporate Authors: International Development Research Centre (Canada), ProQuest (Firm)
Other Authors: Herrera, Amilcar Oscar.
Format: Electronic eBook
Language:Spanish
Published: Ottawa, Ont. : International Development Research Centre, 2004.
Edition:2nd ed.
Subjects:
Online Access:Click to View
LEADER 01447nam a2200373Ia 4500
001 EBC259178
003 MiAaPQ
005 20200520144314.0
006 m o d |
007 cr cn|||||||||
008 900919s2004 onca sb 000 0 spa d
020 |z 1552501442 
020 |z 9879803396 
035 |a (MiAaPQ)EBC259178 
035 |a (Au-PeEL)EBL259178 
035 |a (CaPaEBR)ebr10120527 
035 |a (CaONFJC)MIL71771 
035 |a (OCoLC)80220507 
040 |a MiAaPQ  |c MiAaPQ  |d MiAaPQ 
050 4 |a HB3730  |b .C286 2004 
082 0 4 |a 338.5/442  |2 22 
245 0 0 |a Catastrofe o nueva sociedad?  |h [electronic resource] :  |b modelo mundial latinoamericano 30 anos despues /  |c Amilcar O. Herrera ... [et al.]. 
250 |a 2nd ed. 
260 |a Ottawa, Ont. :  |b International Development Research Centre,  |c 2004. 
300 |a iv, 162 p. :  |b ill. 
504 |a Includes bibliographical references (p. 162). 
533 |a Electronic reproduction. Ann Arbor, MI : ProQuest, 2015. Available via World Wide Web. Access may be limited to ProQuest affiliated libraries. 
650 0 |a Economic forecasting  |x Mathematical models. 
650 0 |a Social prediction  |x Mathematical models. 
655 4 |a Electronic books. 
700 1 |a Herrera, Amilcar Oscar. 
710 2 |a International Development Research Centre (Canada) 
710 2 |a ProQuest (Firm) 
856 4 0 |u https://ebookcentral.proquest.com/lib/matrademy/detail.action?docID=259178  |z Click to View